Normal view
MARC view
- القريشي،مدحت
Entry Personal Name
001 - CONTROL NUMBER
- control field: 27435
003 - CONTROL NUMBER IDENTIFIER
- control field: JO-AjAnu
005 - DATE AND TIME OF LATEST TRANSACTION
- control field: 20230606074648.0
008 - FIXED-LENGTH DATA ELEMENTS
- fixed length control field: 230606|| aca||aabn | a|a d
040 ## - CATALOGING SOURCE
- Original cataloging agency: JO-AjAnu
- Transcribing agency: JO-AjAnu
100 ## - HEADING--PERSONAL NAME
- Personal name: القريشي،مدحت
670 ## - SOURCE DATA FOUND
- Source citation: Work cat.: (JO-AjAnu)14090: القريشي،مدحت, author, دراسات الجدوى الاقتصادية:تقييم المشروعات الصناعية